000 00605nam a2200277Ia 4500
001 Z_5021
003 CHAP
008 220113s1970 xx 000 0 und d
010 _a168077
040 _cCHAP
082 _a891.7 S6y
100 _aSolzhenitsyn, Alexandr
_9142343
245 _aEl pabellón del cancer /
_cpor Alexandr Solzhenitsyn
260 _aMadrid :
_bAguilar,
_c1970
300 _a2v.
440 _a
500 _a
503 _a
650 _aLiteratura rusa
_967145
901 _a891.7 S6y
902 _aA
910 _a1970
942 _c1
942 _cc1
999 _c168077
_d168077